<?xml version="1.0" encoding="UTF-8"?>
<record
    xmlns:xsi="http://www.w3.org/2001/XMLSchema-instance"
    xsi:schemaLocation="http://www.loc.gov/MARC21/slim http://www.loc.gov/standards/marcxml/schema/MARC21slim.xsd"
    xmlns="http://www.loc.gov/MARC21/slim">

  <leader>00687nam a22002297a 4500</leader>
  <controlfield tag="001">85418</controlfield>
  <controlfield tag="003">BD-RjUL</controlfield>
  <controlfield tag="005">20250803154446.0</controlfield>
  <controlfield tag="008">250803s1917    lona|||| |||| 00| 0 eng d</controlfield>
  <datafield tag="035" ind1=" " ind2=" ">
    <subfield code="a">(BD-RjUL)85418</subfield>
  </datafield>
  <datafield tag="040" ind1=" " ind2=" ">
    <subfield code="a">BD-RjUL</subfield>
    <subfield code="b">eng</subfield>
    <subfield code="c">BD-RjUL</subfield>
    <subfield code="d">DLC</subfield>
    <subfield code="e">DLC</subfield>
  </datafield>
  <datafield tag="041" ind1=" " ind2=" ">
    <subfield code="a">eng</subfield>
  </datafield>
  <datafield tag="082" ind1=" " ind2=" ">
    <subfield code="2">23</subfield>
    <subfield code="a">920.042</subfield>
    <subfield code="b">SMI 1917</subfield>
  </datafield>
  <datafield tag="245" ind1=" " ind2=" ">
    <subfield code="a">The Dictionary of National Biography,</subfield>
    <subfield code="c">Edited by Leslie Stephen, and Sidney lee</subfield>
    <subfield code="n">Chamber- Craigie</subfield>
  </datafield>
  <datafield tag="260" ind1=" " ind2=" ">
    <subfield code="a">London</subfield>
    <subfield code="b">Geoffrey Cumberlege</subfield>
    <subfield code="c">1917</subfield>
  </datafield>
  <datafield tag="300" ind1=" " ind2=" ">
    <subfield code="a">1392 Page,</subfield>
    <subfield code="b">ill,</subfield>
    <subfield code="c">10 cm.</subfield>
  </datafield>
  <datafield tag="505" ind1=" " ind2=" ">
    <subfield code="a">Volume-1,</subfield>
  </datafield>
  <datafield tag="650" ind1=" " ind2=" ">
    <subfield code="a">Biography</subfield>
    <subfield code="9">16420</subfield>
  </datafield>
  <datafield tag="700" ind1=" " ind2=" ">
    <subfield code="a">Stephen, Leslie, Edited by </subfield>
    <subfield code="9">16421</subfield>
  </datafield>
  <datafield tag="700" ind1=" " ind2=" ">
    <subfield code="a">lee, Sidney </subfield>
    <subfield code="9">16422</subfield>
  </datafield>
  <datafield tag="942" ind1=" " ind2=" ">
    <subfield code="2">ddc</subfield>
    <subfield code="c">BK</subfield>
  </datafield>
  <datafield tag="999" ind1=" " ind2=" ">
    <subfield code="c">85418</subfield>
    <subfield code="d">85418</subfield>
  </datafield>
  <datafield tag="952" ind1=" " ind2=" ">
    <subfield code="0">0</subfield>
    <subfield code="1">0</subfield>
    <subfield code="2">ddc</subfield>
    <subfield code="4">0</subfield>
    <subfield code="7">1</subfield>
    <subfield code="a">RUCL</subfield>
    <subfield code="b">RUCL</subfield>
    <subfield code="c">REF</subfield>
    <subfield code="d">1921-05-25</subfield>
    <subfield code="e">Dictionary</subfield>
    <subfield code="l">0</subfield>
    <subfield code="o">R 920.042 SMI 1917 V-4</subfield>
    <subfield code="r">2025-08-03 00:00:00</subfield>
    <subfield code="t">C-1</subfield>
    <subfield code="w">2025-08-03</subfield>
    <subfield code="y">BK</subfield>
  </datafield>
  <datafield tag="952" ind1=" " ind2=" ">
    <subfield code="0">0</subfield>
    <subfield code="1">0</subfield>
    <subfield code="2">ddc</subfield>
    <subfield code="4">0</subfield>
    <subfield code="7">1</subfield>
    <subfield code="a">RUCL</subfield>
    <subfield code="b">RUCL</subfield>
    <subfield code="c">REF</subfield>
    <subfield code="d">1921-05-25</subfield>
    <subfield code="e">Dictionary</subfield>
    <subfield code="l">0</subfield>
    <subfield code="o">R 920.042 SMI 1917 V-15</subfield>
    <subfield code="r">2025-08-04 00:00:00</subfield>
    <subfield code="t">C-1</subfield>
    <subfield code="w">2025-08-04</subfield>
    <subfield code="y">BK</subfield>
  </datafield>
  <datafield tag="952" ind1=" " ind2=" ">
    <subfield code="0">0</subfield>
    <subfield code="1">0</subfield>
    <subfield code="2">ddc</subfield>
    <subfield code="4">0</subfield>
    <subfield code="7">1</subfield>
    <subfield code="a">RUCL</subfield>
    <subfield code="b">RUCL</subfield>
    <subfield code="c">REF</subfield>
    <subfield code="d">1921-05-25</subfield>
    <subfield code="e">Dictionary</subfield>
    <subfield code="l">0</subfield>
    <subfield code="o">R 920.042 SMI 1917 V-22</subfield>
    <subfield code="r">2025-08-04 00:00:00</subfield>
    <subfield code="t">C-1</subfield>
    <subfield code="w">2025-08-04</subfield>
    <subfield code="y">BK</subfield>
  </datafield>
  <datafield tag="952" ind1=" " ind2=" ">
    <subfield code="0">0</subfield>
    <subfield code="1">0</subfield>
    <subfield code="2">ddc</subfield>
    <subfield code="4">0</subfield>
    <subfield code="7">1</subfield>
    <subfield code="a">RUCL</subfield>
    <subfield code="b">RUCL</subfield>
    <subfield code="c">REF</subfield>
    <subfield code="d">1921-05-25</subfield>
    <subfield code="e">Dictionary</subfield>
    <subfield code="o">R 920.042 SMI 1917 V-14</subfield>
    <subfield code="r">2025-08-04 00:00:00</subfield>
    <subfield code="t">C-1</subfield>
    <subfield code="y">BK</subfield>
  </datafield>
  <datafield tag="952" ind1=" " ind2=" ">
    <subfield code="0">0</subfield>
    <subfield code="1">0</subfield>
    <subfield code="2">ddc</subfield>
    <subfield code="4">0</subfield>
    <subfield code="7">1</subfield>
    <subfield code="a">RUCL</subfield>
    <subfield code="b">RUCL</subfield>
    <subfield code="c">REF</subfield>
    <subfield code="d">1921-05-25</subfield>
    <subfield code="e">Dictionary</subfield>
    <subfield code="l">0</subfield>
    <subfield code="o">R 920.042 SMI 1917 V-8</subfield>
    <subfield code="r">2025-08-04 00:00:00</subfield>
    <subfield code="t">C-1</subfield>
    <subfield code="w">2025-08-04</subfield>
    <subfield code="y">BK</subfield>
  </datafield>
  <datafield tag="952" ind1=" " ind2=" ">
    <subfield code="0">0</subfield>
    <subfield code="1">0</subfield>
    <subfield code="2">ddc</subfield>
    <subfield code="4">0</subfield>
    <subfield code="7">1</subfield>
    <subfield code="a">RUCL</subfield>
    <subfield code="b">RUCL</subfield>
    <subfield code="c">REF</subfield>
    <subfield code="d">1921-05-25</subfield>
    <subfield code="e">Dictionary</subfield>
    <subfield code="l">0</subfield>
    <subfield code="o">R 920.042 SMI 1917 V-6</subfield>
    <subfield code="r">2025-08-04 00:00:00</subfield>
    <subfield code="t">C-1</subfield>
    <subfield code="w">2025-08-04</subfield>
    <subfield code="y">BK</subfield>
  </datafield>
  <datafield tag="952" ind1=" " ind2=" ">
    <subfield code="0">0</subfield>
    <subfield code="1">0</subfield>
    <subfield code="2">ddc</subfield>
    <subfield code="4">0</subfield>
    <subfield code="7">1</subfield>
    <subfield code="a">RUCL</subfield>
    <subfield code="b">RUCL</subfield>
    <subfield code="c">REF</subfield>
    <subfield code="d">1921-05-25</subfield>
    <subfield code="e">Dictionary</subfield>
    <subfield code="l">0</subfield>
    <subfield code="o">R 920.042 SMI 1917 V-3</subfield>
    <subfield code="r">2025-08-04 00:00:00</subfield>
    <subfield code="t">C-1</subfield>
    <subfield code="w">2025-08-04</subfield>
    <subfield code="y">BK</subfield>
  </datafield>
  <datafield tag="952" ind1=" " ind2=" ">
    <subfield code="0">0</subfield>
    <subfield code="1">0</subfield>
    <subfield code="2">ddc</subfield>
    <subfield code="4">0</subfield>
    <subfield code="7">1</subfield>
    <subfield code="a">RUCL</subfield>
    <subfield code="b">RUCL</subfield>
    <subfield code="c">REF</subfield>
    <subfield code="d">1955-03-08</subfield>
    <subfield code="e">Dictionary</subfield>
    <subfield code="l">0</subfield>
    <subfield code="o">R 920.042 SMI 1917 V-2</subfield>
    <subfield code="r">2025-08-04 00:00:00</subfield>
    <subfield code="t">C-1</subfield>
    <subfield code="w">2025-08-04</subfield>
    <subfield code="y">BK</subfield>
  </datafield>
  <datafield tag="952" ind1=" " ind2=" ">
    <subfield code="0">0</subfield>
    <subfield code="1">0</subfield>
    <subfield code="2">ddc</subfield>
    <subfield code="4">0</subfield>
    <subfield code="7">1</subfield>
    <subfield code="a">RUCL</subfield>
    <subfield code="b">RUCL</subfield>
    <subfield code="c">REF</subfield>
    <subfield code="d">1955-03-08</subfield>
    <subfield code="e">Dictionary</subfield>
    <subfield code="l">0</subfield>
    <subfield code="o">R 920.042 SMI 1917 V-1</subfield>
    <subfield code="r">2025-08-04 00:00:00</subfield>
    <subfield code="t">C-1</subfield>
    <subfield code="w">2025-08-04</subfield>
    <subfield code="y">BK</subfield>
  </datafield>
  <datafield tag="952" ind1=" " ind2=" ">
    <subfield code="0">0</subfield>
    <subfield code="1">0</subfield>
    <subfield code="2">ddc</subfield>
    <subfield code="4">0</subfield>
    <subfield code="7">1</subfield>
    <subfield code="a">RUCL</subfield>
    <subfield code="b">RUCL</subfield>
    <subfield code="c">REF</subfield>
    <subfield code="d">1955-03-08</subfield>
    <subfield code="e">Dictionary</subfield>
    <subfield code="l">0</subfield>
    <subfield code="o">R 920.042 SMI 1917 V-21</subfield>
    <subfield code="r">2025-08-04 00:00:00</subfield>
    <subfield code="t">C-1</subfield>
    <subfield code="w">2025-08-04</subfield>
    <subfield code="y">BK</subfield>
  </datafield>
  <datafield tag="952" ind1=" " ind2=" ">
    <subfield code="0">0</subfield>
    <subfield code="1">0</subfield>
    <subfield code="2">ddc</subfield>
    <subfield code="4">0</subfield>
    <subfield code="7">1</subfield>
    <subfield code="a">RUCL</subfield>
    <subfield code="b">RUCL</subfield>
    <subfield code="c">REF</subfield>
    <subfield code="d">1955-03-08</subfield>
    <subfield code="e">Dictionary</subfield>
    <subfield code="l">0</subfield>
    <subfield code="o">R 920.042 SMI 1917 V-20</subfield>
    <subfield code="r">2025-08-04 00:00:00</subfield>
    <subfield code="t">C-1</subfield>
    <subfield code="w">2025-08-04</subfield>
    <subfield code="y">BK</subfield>
  </datafield>
  <datafield tag="952" ind1=" " ind2=" ">
    <subfield code="0">0</subfield>
    <subfield code="1">0</subfield>
    <subfield code="2">ddc</subfield>
    <subfield code="4">0</subfield>
    <subfield code="7">1</subfield>
    <subfield code="a">RUCL</subfield>
    <subfield code="b">RUCL</subfield>
    <subfield code="c">REF</subfield>
    <subfield code="d">1955-03-08</subfield>
    <subfield code="e">Dictionary</subfield>
    <subfield code="l">0</subfield>
    <subfield code="o">R 920.042 SMI 1917 V-19</subfield>
    <subfield code="r">2025-08-04 00:00:00</subfield>
    <subfield code="t">C-1</subfield>
    <subfield code="w">2025-08-04</subfield>
    <subfield code="y">BK</subfield>
  </datafield>
  <datafield tag="952" ind1=" " ind2=" ">
    <subfield code="0">0</subfield>
    <subfield code="1">0</subfield>
    <subfield code="2">ddc</subfield>
    <subfield code="4">0</subfield>
    <subfield code="7">1</subfield>
    <subfield code="a">RUCL</subfield>
    <subfield code="b">RUCL</subfield>
    <subfield code="c">REF</subfield>
    <subfield code="d">1955-03-08</subfield>
    <subfield code="e">Dictionary</subfield>
    <subfield code="l">0</subfield>
    <subfield code="o">R 920.042 SMI 1917 V-18</subfield>
    <subfield code="r">2025-08-04 00:00:00</subfield>
    <subfield code="t">C-1</subfield>
    <subfield code="w">2025-08-04</subfield>
    <subfield code="y">BK</subfield>
  </datafield>
  <datafield tag="952" ind1=" " ind2=" ">
    <subfield code="0">0</subfield>
    <subfield code="1">0</subfield>
    <subfield code="2">ddc</subfield>
    <subfield code="4">0</subfield>
    <subfield code="7">1</subfield>
    <subfield code="a">RUCL</subfield>
    <subfield code="b">RUCL</subfield>
    <subfield code="c">REF</subfield>
    <subfield code="d">1955-03-08</subfield>
    <subfield code="e">Dictionary</subfield>
    <subfield code="l">0</subfield>
    <subfield code="o">R 920.042 SMI 1917 V-17</subfield>
    <subfield code="r">2025-08-04 00:00:00</subfield>
    <subfield code="t">C-1</subfield>
    <subfield code="w">2025-08-04</subfield>
    <subfield code="y">BK</subfield>
  </datafield>
  <datafield tag="952" ind1=" " ind2=" ">
    <subfield code="0">0</subfield>
    <subfield code="1">0</subfield>
    <subfield code="2">ddc</subfield>
    <subfield code="4">0</subfield>
    <subfield code="7">1</subfield>
    <subfield code="a">RUCL</subfield>
    <subfield code="b">RUCL</subfield>
    <subfield code="c">REF</subfield>
    <subfield code="d">1955-03-08</subfield>
    <subfield code="e">Dictionary</subfield>
    <subfield code="l">0</subfield>
    <subfield code="o">R 920.042 SMI 1917 V-16</subfield>
    <subfield code="r">2025-08-06 00:00:00</subfield>
    <subfield code="t">C-1</subfield>
    <subfield code="w">2025-08-06</subfield>
    <subfield code="y">BK</subfield>
  </datafield>
  <datafield tag="952" ind1=" " ind2=" ">
    <subfield code="0">0</subfield>
    <subfield code="1">0</subfield>
    <subfield code="2">ddc</subfield>
    <subfield code="4">0</subfield>
    <subfield code="7">1</subfield>
    <subfield code="a">RUCL</subfield>
    <subfield code="b">RUCL</subfield>
    <subfield code="c">REF</subfield>
    <subfield code="d">1955-03-08</subfield>
    <subfield code="e">Dictionary</subfield>
    <subfield code="l">0</subfield>
    <subfield code="o">R 920.042 SMI 1917 V-13</subfield>
    <subfield code="r">2025-08-06 00:00:00</subfield>
    <subfield code="t">C-1</subfield>
    <subfield code="w">2025-08-06</subfield>
    <subfield code="y">BK</subfield>
  </datafield>
  <datafield tag="952" ind1=" " ind2=" ">
    <subfield code="0">0</subfield>
    <subfield code="1">0</subfield>
    <subfield code="2">ddc</subfield>
    <subfield code="4">0</subfield>
    <subfield code="7">1</subfield>
    <subfield code="a">RUCL</subfield>
    <subfield code="b">RUCL</subfield>
    <subfield code="c">REF</subfield>
    <subfield code="d">1955-03-08</subfield>
    <subfield code="e">Dictionary</subfield>
    <subfield code="l">0</subfield>
    <subfield code="o">R 920.042 SMI 1917 V-11</subfield>
    <subfield code="r">2025-08-06 00:00:00</subfield>
    <subfield code="t">C-1</subfield>
    <subfield code="w">2025-08-06</subfield>
    <subfield code="y">BK</subfield>
  </datafield>
  <datafield tag="952" ind1=" " ind2=" ">
    <subfield code="0">0</subfield>
    <subfield code="1">0</subfield>
    <subfield code="2">ddc</subfield>
    <subfield code="4">0</subfield>
    <subfield code="7">1</subfield>
    <subfield code="a">RUCL</subfield>
    <subfield code="b">RUCL</subfield>
    <subfield code="c">REF</subfield>
    <subfield code="d">1955-03-08</subfield>
    <subfield code="e">Dictionary</subfield>
    <subfield code="l">0</subfield>
    <subfield code="o">R 920.042 SMI 1917 V-9</subfield>
    <subfield code="r">2025-08-06 00:00:00</subfield>
    <subfield code="t">C-1</subfield>
    <subfield code="w">2025-08-06</subfield>
    <subfield code="y">BK</subfield>
  </datafield>
  <datafield tag="952" ind1=" " ind2=" ">
    <subfield code="0">0</subfield>
    <subfield code="1">0</subfield>
    <subfield code="2">ddc</subfield>
    <subfield code="4">0</subfield>
    <subfield code="7">1</subfield>
    <subfield code="a">RUCL</subfield>
    <subfield code="b">RUCL</subfield>
    <subfield code="c">REF</subfield>
    <subfield code="d">1955-03-08</subfield>
    <subfield code="e">Dictionary</subfield>
    <subfield code="l">0</subfield>
    <subfield code="o">R 920.042 SMI 1917 V-10</subfield>
    <subfield code="r">2025-08-06 00:00:00</subfield>
    <subfield code="t">C-1</subfield>
    <subfield code="w">2025-08-06</subfield>
    <subfield code="y">BK</subfield>
  </datafield>
  <datafield tag="952" ind1=" " ind2=" ">
    <subfield code="0">0</subfield>
    <subfield code="1">0</subfield>
    <subfield code="2">ddc</subfield>
    <subfield code="4">0</subfield>
    <subfield code="7">1</subfield>
    <subfield code="a">RUCL</subfield>
    <subfield code="b">RUCL</subfield>
    <subfield code="c">REF</subfield>
    <subfield code="d">1955-03-08</subfield>
    <subfield code="e">Dictionary</subfield>
    <subfield code="l">0</subfield>
    <subfield code="o">R 920.042 SMI 1917 V-12</subfield>
    <subfield code="r">2025-08-06 00:00:00</subfield>
    <subfield code="t">C-1</subfield>
    <subfield code="w">2025-08-06</subfield>
    <subfield code="y">BK</subfield>
  </datafield>
  <datafield tag="952" ind1=" " ind2=" ">
    <subfield code="0">0</subfield>
    <subfield code="1">0</subfield>
    <subfield code="2">ddc</subfield>
    <subfield code="4">0</subfield>
    <subfield code="7">1</subfield>
    <subfield code="a">RUCL</subfield>
    <subfield code="b">RUCL</subfield>
    <subfield code="c">REF</subfield>
    <subfield code="d">1955-03-08</subfield>
    <subfield code="e">Dictionary</subfield>
    <subfield code="l">0</subfield>
    <subfield code="o">R 920.042 SMI 1917 V-5</subfield>
    <subfield code="r">2025-08-06 00:00:00</subfield>
    <subfield code="t">C-1</subfield>
    <subfield code="w">2025-08-06</subfield>
    <subfield code="y">BK</subfield>
  </datafield>
</record>
